Personalmanagement, Finanzen und Controlling, Arbeitsrecht
| Contributors: | ; ; |
|---|---|
| Format: | Print Loose-leaf publications |
| Language: | German |
| Check availability: | HBZ Gateway |
| WorldCat: | WorldCat |
| Interlibrary Loan: | Interlibrary Loan for the Fachinformationsdienste (Specialized Information Services in Germany) |
| Published: |
Hamburg
Verlag Dashöfer GmbH
2002-
|
| In: |
Erfolgreiches Management von Bibliotheken und Informationseinrichtungen (Band 2)
Year: 2002 |
| Series/Journal: | Erfolgreiches Management von Bibliotheken und Informationseinrichtungen
Band 2 |
| Standardized Subjects / Keyword chains: | B
Library
/ Information agency
/ Management
|
| Further subjects: | B
Loose-leaf folio
B Adviser |
MARC
| LEADER | 00000cai a2200000 cb4500 | ||
|---|---|---|---|
| 001 | 389758310 | ||
| 003 | DE-627 | ||
| 005 | 20260408135509.0 | ||
| 007 | td | ||
| 008 | 040629c20029999gw uu l| 0 |2ger c | ||
| 035 | |a (DE-627)389758310 | ||
| 035 | |a (DE-576)9389758319 | ||
| 035 | |a (DE-599)GBV389758310 | ||
| 035 | |a (OCoLC)834713319 | ||
| 040 | |a DE-627 |b ger |c DE-627 |e rda | ||
| 041 | |a ger | ||
| 044 | |c XA-DE | ||
| 082 | 0 | |a 025.1 | |
| 084 | |a BBI |q DE-23 |2 fid | ||
| 084 | |a 1 |2 ssgn | ||
| 084 | |a AN 70300 |2 rvk |0 (DE-625)rvk/6242: | ||
| 084 | |a AN 70000 |2 rvk |0 (DE-625)rvk/6239: | ||
| 245 | 0 | 0 | |a Personalmanagement, Finanzen und Controlling, Arbeitsrecht |c mitbegründet von Prof. Dr. Hans-Christoph Hobohm ; herausgegeben von Prof. Dr. Konrad Umlauf und Prof. Cornelia Vonhof |
| 264 | 1 | |a Hamburg |b Verlag Dashöfer GmbH |c 2002- | |
| 300 | |a Bände (Loseblattsammlung) |c 23 cm | ||
| 336 | |a Text |b txt |2 rdacontent | ||
| 337 | |a ohne Hilfsmittel zu benutzen |b n |2 rdamedia | ||
| 338 | |a Band |b nc |2 rdacarrier | ||
| 490 | 1 | |a Erfolgreiches Management von Bibliotheken und Informationseinrichtungen : Fachratgeber für die Bibliotheksleitung und Bibliothekare / mitbegründet von Prof. Dr. Hans-Christoph Hobohm ; herausgegeben von Prof. Dr. Konrad Umlauf und Prof. Cornelia Vonhof |v Band 2 | |
| 500 | |a Identifizierung der Ressource nach: 92. Aktualisierungslieferung März 2026 | ||
| 583 | 1 | |a Archivierung/Langzeitarchivierung gewährleistet |f PEHH |x XA-DE-HH |2 pdager |5 DE-18 | |
| 601 | |a Controlling | ||
| 601 | |a Arbeitsrecht | ||
| 655 | 7 | |a Ratgeber |0 (DE-588)4048476-2 |0 (DE-627)104637234 |0 (DE-576)209078057 |2 gnd-content | |
| 655 | 7 | |a Loseblattsammlung |0 (DE-588)4343271-2 |0 (DE-627)153776951 |0 (DE-576)211441112 |2 gnd-content | |
| 689 | 0 | 0 | |d s |0 (DE-588)4006439-6 |0 (DE-627)106377523 |0 (DE-576)208865586 |2 gnd |a Bibliothek |
| 689 | 0 | 1 | |d s |0 (DE-588)4161667-4 |0 (DE-627)104696222 |0 (DE-576)209867574 |2 gnd |a Informationseinrichtung |
| 689 | 0 | 2 | |d s |0 (DE-588)4037278-9 |0 (DE-627)104767707 |0 (DE-576)209023279 |2 gnd |a Management |
| 689 | 0 | |5 (DE-627) | |
| 700 | 1 | |e BegründerIn eines Werks |0 (DE-588)124254330 |0 (DE-627)085739782 |0 (DE-576)169626911 |4 fon |a Hobohm, Hans-Christoph |d 1955- | |
| 700 | 1 | |e HerausgeberIn |0 (DE-588)109873432 |0 (DE-627)537984704 |0 (DE-576)172282594 |4 edt |a Umlauf, Konrad |d 1952- | |
| 700 | 1 | |e HerausgeberIn |0 (DE-588)142540056 |0 (DE-627)637289129 |0 (DE-576)331503778 |4 edt |a Vonhof, Cornelia |d 1961- | |
| 830 | 0 | |a Erfolgreiches Management von Bibliotheken und Informationseinrichtungen |v Band 2 |9 2.2002 |w (DE-627)354202413 |w (DE-576)9354202411 |7 am | |
| 935 | |c lo | ||
| 936 | r | v | |a AN 70300 |b Bibliotheksorganisation und -betrieb, Rationalisierung, Zentrale Dienstleistungen |k Allgemeines |k Buch- und Bibliothekswesen, Informationswissenschaft |k Bibliothekswesen |k Bibliotheksverwaltung |k Bibliotheksorganisation und -betrieb, Rationalisierung, Zentrale Dienstleistungen |0 (DE-627)1270653733 |0 (DE-625)rvk/6242: |0 (DE-576)200653733 |
| 936 | r | v | |a AN 70000 |b Allgemeines |k Allgemeines |k Buch- und Bibliothekswesen, Informationswissenschaft |k Bibliothekswesen |k Bibliotheksverwaltung |k Allgemeines |0 (DE-627)1270679643 |0 (DE-625)rvk/6239: |0 (DE-576)200679643 |
| 951 | |a MV | ||
| ELC | |b 1 | ||
| LOK | |0 000 xxxxxcx a22 zn 4500 | ||
| LOK | |0 001 4492118373 | ||
| LOK | |0 003 DE-627 | ||
| LOK | |0 004 389758310 | ||
| LOK | |0 005 20240227155412 | ||
| LOK | |0 008 240227||||||||||||||||ger||||||| | ||
| LOK | |0 040 |a DE-Tue135 |c DE-627 |d DE-Tue135 | ||
| LOK | |0 092 |o n | ||
| LOK | |0 852 |a DE-Tue135 | ||
| LOK | |0 852 1 |9 00 | ||
| LOK | |0 935 |a RFBW |a bips | ||
| LOK | |0 939 |a 2024-02-27 |b l01 | ||
| ORI | |a TA-MARC-ixtheoa001.raw | ||
| REL | |a 1 | ||
| STA | 0 | 0 | |a Information agency,Library,Library,Libraries in art,Management,Business concern |
| STB | 0 | 0 | |a Bibliothèque,Bibliothèque,Centre d'information,Gestion,Management,Management |
| STC | 0 | 0 | |a Biblioteca,Biblioteca,Centro de informaciones,Gestión |
| STD | 0 | 0 | |a Biblioteca,Biblioteca,Infoteca,Management,Gestione,Gestione |
| STE | 0 | 0 | |a 信息设备,图书馆,图书馆,管理层,管理部门 |
| STF | 0 | 0 | |a 信息設備,圖書館,圖書館,管理層,管理部門 |
| STG | 0 | 0 | |a Biblioteca,Biblioteca,Centro de informações,Gerenciamento |
| STH | 0 | 0 | |a Библиотека (мотив),Библиотека,Информационный центр,Менеджмент |
| STI | 0 | 0 | |a Management,Διαχείριση,Βιβλιοθήκη (μοτίβο),Βιβλιοθήκη,Κέντρο πληροφοριών |
| SUB | |a REL | ||
| SYG | 0 | 0 | |a Missale Hervoiae,The Poblet Haggadah,Haggadah de Poblet,Haggadā šel Pesah,Handschrift,Poblet,Kloster,Bibliothek,Ms. 100,Vita Meinwerci episcopi Patherbrunnensis,Handschrift,Trier,Bistumsarchiv,Bibliothek,Cod.37 , Bibliotheken,Allgemeinbibliothek,Bibliothekswesen,Bücherei,Universalbibliothek,Gebrauchsbibliothek , Informationsstelle,Informationszentrum,Infothek , Wirtschaft - Management,Unternehmen,Unternehmen,Unternehmensmanagement,Unternehmensführung,Leitung |



